The Velvet Underground Songs - Statistics

General Stats
  • This quiz has been taken 268 times
    265 since last reset
  • The average score is 25 of 61
Answer Stats
The Velvet Underground % Correct
Heroin
95%
Sunday Morning
93%
I'm Waiting for the Man
88%
White Light/White Heat
85%
Femme Fatale
84%
Venus in Furs
81%
I'll Be Your Mirror
78%
European Son
77%
Pale Blue Eyes
76%
Sweet Jane
75%
Candy Says
74%
Rock & Roll
74%
Run Run Run
74%
All Tomorrow's Parties
73%
The Black Angel's Death Song
72%
Sister Ray
64%
Who Loves the Sun
64%
After Hours
63%
The Gift
58%
Jesus
55%
Lady Godiva's Operation
55%
Oh! Sweet Nuthin'
55%
There She Goes Again
53%
Here She Comes Now
50%
The Murder Mystery
47%
What Goes On
45%
Stephanie Says
43%
Beginning to See the Light
42%
Lonesome Cowboy Bill
42%
I'm Sticking with You
39%
New Age
39%
I'm Set Free
37%
Ocean
36%
I Found a Reason
32%
Some Kinda Love
32%
That's the Story of My Life
32%
I Heard Her Call My Name
31%
Lisa Says
30%
Cool It Down
28%
Train Round the Bend
23%
Foggy Notion
22%
Head Held High
22%
Andy's Chest
21%
I Can't Stand It
19%
Ride into the Sun
19%
She's My Best Friend
17%
Satellite of Love
14%
Hey Mr. Rain (Version I)
11%
Hey Mr. Rain (Version II)
11%
Temptation Inside Your Heart
11%
Guess I'm Falling in Love
9%
I Love You
9%
Coney Island Steeplechase
8%
I'm Gonna Move Right In
8%
One of These Days
8%
Oh Gin
7%
We're Gonna Have a Real Good Time Together
7%
Ferryboat Bill
6%
Love Makes You Feel Ten Feet Tall
5%
Sad Song
5%
Walk and Talk
5%
No matching quizzes found
Score Distribution
Percent of People with Each Score
Percentile by Number Answered
Your Score History
You have not taken this quiz since the last reset